[Event "SK Königsspringer Nordwalde 1 - SC Roch"]
[Site "Verbandsklasse 2017/2018"]
[Date "2018.04.28"]
[Round "9.2"]
[White "Sandmann, Matthias"]
[Black "Fehlings, Gerd"]
[Result "1/2-1/2"]
[WhiteElo "1864"]
[BlackElo "1754"]
[PlyCount "30"]
[EventDate "2018.??.??"]
[SourceDate "2018.05.04"]

1. e4 e6 2. d4 d5 3. Nc3 Nf6 4. Bg5 Be7 5. exd5 Nxd5 6. Bxe7 Qxe7 7. Nxd5 exd5+
8. Qe2 Qxe2+ 9. Nxe2 Bf5 10. c3 Nd7 11. Nf4 Nf6 12. Bb5+ c6 13. Bd3 Bxd3 14.
Nxd3 O-O 15. O-O Rfe8 1/2-1/2

[Event "SK Königsspringer Nordwalde 1 - SC Roch"]
[Site "Verbandsklasse 2017/2018"]
[Date "2018.04.28"]
[Round "9.3"]
[White "Colmer, Willi"]
[Black "Holstegge, Ludger"]
[Result "1/2-1/2"]
[WhiteElo "1773"]
[BlackElo "1803"]
[PlyCount "21"]
[EventDate "2018.??.??"]
[SourceDate "2018.05.04"]

1. e4 e6 2. d3 c5 3. g3 Nc6 4. Bg2 Nf6 5. Nf3 d5 6. Nbd2 Be7 7. O-O O-O 8. e5
Nd7 9. Qe2 Qc7 10. Re1 b5 11. c3 1/2-1/2

[Event "SK Königsspringer Nordwalde 1 - SC Roch"]
[Site "Verbandsklasse 2017/2018"]
[Date "2018.04.28"]
[Round "9.6"]
[White "Keller, Hansjürgen"]
[Black "Willermann, Norbert"]
[Result "1/2-1/2"]
[WhiteElo "1666"]
[BlackElo "1621"]
[PlyCount "22"]
[EventDate "2018.??.??"]
[SourceDate "2018.05.04"]

1. d4 Nf6 2. Bf4 g6 3. Nc3 Bg7 4. e4 d6 5. Qd2 O-O 6. Bh6 c5 7. Bxg7 Kxg7 8.
Nf3 cxd4 9. Nxd4 Nc6 10. Nxc6 bxc6 11. Bd3 Qb6 1/2-1/2

[Event "SK Königsspringer Nordwalde 1 - SC Roch"]
[Site "Verbandsklasse 2017/2018"]
[Date "2018.04.28"]
[Round "9.7"]
[White "Gatterdam, Karl-Heinz"]
[Black "Diepenbrock, Till"]
[Result "1/2-1/2"]
[WhiteElo "1705"]
[BlackElo "1790"]
[PlyCount "30"]
[EventDate "2018.??.??"]
[SourceDate "2018.05.04"]

1. d4 Nf6 2. c4 e6 3. Nc3 Bb4 4. e3 b6 5. Bd3 Bb7 6. Nge2 O-O 7. O-O d6 8. a3
Bxc3 9. Nxc3 Nbd7 10. Qc2 h6 11. b4 c5 12. bxc5 bxc5 13. Rb1 Rb8 14. a4 a6 15.
Ba3 Qc7 1/2-1/2

[Event "SC Hiltrup 1 - SC Falke Saerbeck 1"]
[Site "Verbandsklasse 2017/2018"]
[Date "2018.04.28"]
[Round "9.1"]
[White "Hegemann, Eike"]
[Black "Kammers, Heribert"]
[Result "1/2-1/2"]
[WhiteElo "1971"]
[BlackElo "1992"]
[PlyCount "102"]
[EventDate "2018.??.??"]
[SourceDate "2018.05.04"]

1. e4 e6 2. d4 d5 3. Nc3 Nf6 4. Bg5 Be7 5. e5 Nfd7 6. h4 h6 7. Bxe7 Qxe7 8. Qg4
g6 9. O-O-O a6 10. f4 h5 11. Qg5 c5 12. Nf3 Nc6 13. g4 cxd4 14. Nxd4 Nxd4 15.
Rxd4 Nb8 16. Be2 hxg4 17. Qxg4 Nc6 18. Rdd1 Bd7 19. h5 gxh5 20. Qg7 O-O-O 21.
Bxh5 Rdf8 22. Bf3 Rhg8 23. Qh7 Qb4 24. Rh4 Qc5 25. Qd3 Ne7 26. Ne4 dxe4 27.
Qxd7+ Kb8 28. Bxe4 Qe3+ 29. Kb1 Qxe4 30. Qxe7 Rc8 31. Qd6+ Ka7 32. Qd3 Qxd3 33.
cxd3 Rg2 34. Rc1 Rxc1+ 35. Kxc1 Rf2 36. Kd1 Kb6 37. Ke1 Rxb2 38. Rh7 Kc5 39.
Rxf7 Kd4 40. a3 Kxd3 41. Rf6 Ke4 42. Rxe6 Kxf4 43. Re7 Kf5 44. Kd1 a5 45. Kc1
Rb3 46. Kc2 a4 47. Rc7 Kxe5 48. Rc3 Rb6 49. Rc5+ Kd4 50. Ra5 Rc6+ 51. Kb2 Rb6+
1/2-1/2

[Event "SC Hiltrup 1 - SC Falke Saerbeck 1"]
[Site "Verbandsklasse 2017/2018"]
[Date "2018.04.28"]
[Round "9.2"]
[White "Junk, Phillip"]
[Black "Fayazi, Shahriar"]
[Result "1/2-1/2"]
[WhiteElo "1851"]
[BlackElo "1964"]
[PlyCount "97"]
[EventDate "2018.??.??"]
[SourceDate "2018.05.04"]

1. e4 d6 2. d4 Nf6 3. Nc3 g6 4. Nf3 Bg7 5. Bd3 O-O 6. O-O Bg4 7. h3 Bxf3 8.
Qxf3 Nc6 9. Ne2 e5 10. Be3 exd4 11. Nxd4 Ne5 12. Qe2 d5 13. exd5 Nxd5 14. Rad1
Nxd3 15. Qxd3 Nxe3 16. Qxe3 Re8 17. Qd3 c5 18. Nb5 Qxd3 19. Rxd3 Re2 20. Rb3
Rxc2 21. Nc7 Rb8 22. Na6 Rc8 23. Rxb7 Rxb2 24. Rxb2 Bxb2 25. Rb1 Bd4 26. Kf1 c4
27. Rc1 Kg7 28. Nb4 Kf6 29. Nc2 Bb6 30. Na3 c3 31. Nb5 Ba5 32. Nxa7 Rc5 33. a4
Ke5 34. Ke2 Rc4 35. Nb5 Rxa4 36. Nxc3 Rc4 37. Kd3 Rxc3+ 38. Rxc3 Bxc3 39. Kxc3
Ke4 40. Kd2 f5 41. Ke2 f4 42. f3+ Kd4 43. Kd2 Ke5 44. Ke2 Kf5 45. Kf2 Kg5 46.
Kg1 Kh4 47. Kh2 g5 48. Kh1 Kg3 49. Kg1 1/2-1/2

[Event "SC Hiltrup 1 - SC Falke Saerbeck 1"]
[Site "Verbandsklasse 2017/2018"]
[Date "2018.04.28"]
[Round "9.3"]
[White "Fischer, Andreas"]
[Black "Voigt, Stefan"]
[Result "1-0"]
[WhiteElo "1912"]
[BlackElo "1801"]
[PlyCount "77"]
[EventDate "2018.??.??"]
[SourceDate "2018.05.04"]

1. e4 c6 2. d4 d5 3. exd5 cxd5 4. Bd3 Nc6 5. c3 Nf6 6. Bf4 e6 7. Nd2 Bd6 8.
Bxd6 Qxd6 9. Ngf3 O-O 10. O-O Rb8 11. Qe2 Bd7 12. Ne5 Qc7 13. a4 a6 14. f4 Ne7
15. Nb3 b5 16. Nc5 Qd6 17. b4 Be8 18. axb5 axb5 19. Ra6 Rb6 20. Rfa1 Ng6 21. g3
Rxa6 22. Rxa6 Qc7 23. Bxb5 Bxb5 24. Qxb5 Nxe5 25. fxe5 Ng4 26. Qd7 Qb8 27. Ra2
Ne3 28. Ra7 Qd8 29. Qxd8 Rxd8 30. Nd7 h5 31. b5 Rc8 32. b6 Rxc3 33. Rc7 Rb3 34.
b7 Rb1+ 35. Kf2 Ng4+ 36. Ke2 Rb2+ 37. Ke1 Rb1+ 38. Kd2 Rb2+ 39. Kc3 1-0

[Event "SC Hiltrup 1 - SC Falke Saerbeck 1"]
[Site "Verbandsklasse 2017/2018"]
[Date "2018.04.28"]
[Round "9.4"]
[White "Junk, Andreas"]
[Black "Hoge, Reinhard"]
[Result "0-1"]
[WhiteElo "1759"]
[BlackElo "1865"]
[PlyCount "112"]
[EventDate "2018.??.??"]
[SourceDate "2018.05.04"]

1. e4 e6 2. d4 d5 3. e5 c5 4. c3 Nc6 5. Nf3 Qb6 6. a3 c4 7. g3 f6 8. Qe2 fxe5
9. dxe5 Bc5 10. Bh3 Nge7 11. Ng5 O-O 12. Bf4 Na5 13. Nd2 h6 14. Ngf3 Ng6 15.
Be3 Bxe3 16. fxe3 Nc6 17. O-O Bd7 18. Kg2 Ncxe5 19. Nxe5 Nxe5 20. e4 Qd6 21.
exd5 Qxd5+ 22. Kg1 Qc5+ 23. Kh1 Bc6+ 24. Bg2 Bxg2+ 25. Kxg2 Qd5+ 26. Kg1 Nd3
27. Nf3 Rf6 28. Nd4 Raf8 29. Rxf6 Rxf6 30. Rf1 Rxf1+ 31. Qxf1 Qe4 32. Qe2 Qxe2
33. Nxe2 Kf7 34. Nd4 a6 35. Kf1 Nxb2 36. Ke2 Na4 37. Kd2 Nc5 38. Ke3 Ke7 39. h4
Kd6 40. g4 Kd5 41. Ne2 e5 42. Ng3 g6 43. Kf3 Ke6 44. Ke3 b5 45. Ne2 Nd7 46. Ng3
Nf6 47. Kf3 a5 48. Ne2 g5 49. hxg5 hxg5 50. Kg3 Ne4+ 51. Kf3 Nd2+ 52. Ke3 Nb1
53. Kf3 Nxa3 54. Ng3 Nb1 55. Ne4 a4 56. Nxg5+ Ke7 0-1

[Event "SC Hiltrup 1 - SC Falke Saerbeck 1"]
[Site "Verbandsklasse 2017/2018"]
[Date "2018.04.28"]
[Round "9.5"]
[White "Waltermann, Jens"]
[Black "Wiltschut, Arne"]
[Result "0-1"]
[WhiteElo "1842"]
[BlackElo "1785"]
[PlyCount "28"]
[EventDate "2018.??.??"]
[SourceDate "2018.05.04"]

1. Nf3 d5 2. g3 e6 3. Bg2 Bd6 4. d4 f5 5. Bg5 Nf6 6. e3 Nbd7 7. Nbd2 O-O 8. Bf4
Qe7 9. Ne5 Bxe5 10. Bxe5 Nxe5 11. dxe5 Ng4 12. Nf3 Qb4+ 13. c3 Qxb2 14. Qc1
Qxf2+ 0-1

[Event "SC Hiltrup 1 - SC Falke Saerbeck 1"]
[Site "Verbandsklasse 2017/2018"]
[Date "2018.04.28"]
[Round "9.6"]
[White "Buchholz, Christian"]
[Black "Bartsch, Jan"]
[Result "0-1"]
[WhiteElo "1606"]
[BlackElo "1706"]
[PlyCount "56"]
[EventDate "2018.??.??"]
[SourceDate "2018.05.04"]

1. e4 Nf6 2. e5 Nd5 3. c4 Nb6 4. d4 d6 5. f4 dxe5 6. fxe5 Nc6 7. Nf3 Bg4 8. Be3
Bxf3 9. gxf3 e6 10. a3 Be7 11. Nc3 Bh4+ 12. Kd2 Nxd4 13. Kc1 Nf5 14. Qe2 Nxe3
15. Qxe3 Qe7 16. Rg1 f5 17. f4 O-O-O 18. Kc2 g5 19. c5 Nd5 20. Nxd5 Rxd5 21. b4
gxf4 22. Qxf4 Rhd8 23. c6 Rd4 24. cxb7+ Kb8 25. Qf3 Rd2+ 26. Kc3 Qd7 27. Bc4
Qd4+ 28. Kb3 Rb2+ 0-1

[Event "SC Hiltrup 1 - SC Falke Saerbeck 1"]
[Site "Verbandsklasse 2017/2018"]
[Date "2018.04.28"]
[Round "9.7"]
[White "Bartsch, Rainer"]
[Black "Haves, Daniel"]
[Result "1-0"]
[WhiteElo "1741"]
[BlackElo "1580"]
[PlyCount "57"]
[EventDate "2018.??.??"]
[SourceDate "2018.05.04"]

1. d4 d6 2. Nf3 Nd7 3. e4 e5 4. Bc4 Be7 5. dxe5 Nxe5 6. Nxe5 dxe5 7. Qh5 g6 8.
Qxe5 f6 9. Qb5+ Kf8 10. Nc3 c6 11. Qb3 Kg7 12. Be3 b5 13. Be6 Nh6 14. Rd1 Qc7
15. Bxc8 Qxc8 16. f3 Nf7 17. O-O a6 18. Ne2 c5 19. Nf4 c4 20. Qc3 Ne5 21. Nd5
Bc5 22. b4 Bxe3+ 23. Nxe3 Qe6 24. Rd5 Rhd8 25. Rfd1 Rd7 26. Rxd7+ Nxd7 27. Qd4
Nb6 28. Qc5 Rc8 29. Rd6 1-0

[Event "SC Hiltrup 1 - SC Falke Saerbeck 1"]
[Site "Verbandsklasse 2017/2018"]
[Date "2018.04.28"]
[Round "9.8"]
[White "May, Peter"]
[Black "Roos, Wilfried"]
[Result "1/2-1/2"]
[WhiteElo "1508"]
[BlackElo "1693"]
[PlyCount "119"]
[EventDate "2018.??.??"]
[SourceDate "2018.05.04"]

1. e4 c5 2. Nf3 Nc6 3. d4 cxd4 4. Nxd4 d6 5. Be3 g6 6. Nc3 Bg7 7. Qd2 a6 8.
O-O-O Nf6 9. f3 Ne5 10. h3 Bd7 11. f4 Nc6 12. Qf2 Qa5 13. Nf5 Bxf5 14. Bb6 Nxe4
15. Qe3 Bd4 16. Bxd4 Nxd4 17. Qxd4 O-O 18. Nxe4 Qxa2 19. Nc3 Qa1+ 20. Nb1 Rac8
21. Bd3 Be6 22. g4 Rc5 23. f5 Bb3 24. Qb4 Bd5 25. Rhf1 a5 26. Qa3 Qxa3 27. Nxa3
Rfc8 28. Rde1 Kf8 29. fxg6 hxg6 30. Bxg6 Kg7 31. Be4 e6 32. Bxd5 Rxd5 33. Rd1
Rdc5 34. Rxd6 b5 35. Rd7 b4 36. Rfxf7+ Kg8 37. Rg7+ Kh8 38. Rh7+ Kg8 39. Rdg7+
Kf8 40. Rb7 Kg8 41. Nb5 Rxc2+ 42. Kb1 b3 43. Rbg7+ Kf8 44. Rf7+ Kg8 45. Rc7
R8xc7 46. Rxc7 Rh2 47. Nd4 Rxh3 48. Nxe6 Rg3 49. g5 a4 50. Kc1 Re3 51. Re7 Re1+
52. Kd2 Rg1 53. Rg7+ Kh8 54. g6 a3 55. Rh7+ Kg8 56. Rg7+ Kh8 57. Ra7 Rxg6 58.
Ra8+ Kh7 59. Rxa3 Rxe6 60. Rxb3 1/2-1/2

[Event "Südlohner SV 2 - SF Stadtlohn 1"]
[Site "Verbandsklasse 2017/2018"]
[Date "2018.04.28"]
[Round "9.1"]
[White "Mullink, Jochem"]
[Black "Emming, Benedikt"]
[Result "1/2-1/2"]
[WhiteElo "2052"]
[BlackElo "1799"]
[PlyCount "80"]
[EventDate "2018.??.??"]
[SourceDate "2018.05.04"]

1. Nf3 c5 2. g3 Nc6 3. Bg2 d5 4. d4 e6 5. O-O Nf6 6. c4 Be7 7. Nc3 O-O 8. dxc5
Bxc5 9. cxd5 Nxd5 10. Nxd5 exd5 11. Ne1 Be6 12. Nd3 Bd6 13. Nf4 Bxf4 14. Bxf4
Re8 15. Re1 Rc8 16. Rc1 h6 17. a3 Qf6 18. Qb3 b6 19. Bxd5 Nd4 20. Rxc8 Rxc8 21.
Qa2 Rc2 22. Bxe6 Nxe6 23. Be3 Qxb2 24. Qxb2 Rxb2 25. Rd1 Ra2 26. Rd3 Rc2 27.
Rd7 Rc7 28. Rxc7 Nxc7 29. Kg2 Nb5 30. Bc1 Kf8 31. Kf3 Ke7 32. Ke4 Ke6 33. Kd3
Kd5 34. e4+ Kc6 35. a4 Nc7 36. Bb2 Ne6 37. f3 g6 38. Bc1 h5 39. Kc3 Nc5 40. a5
b5 1/2-1/2

[Event "Südlohner SV 2 - SF Stadtlohn 1"]
[Site "Verbandsklasse 2017/2018"]
[Date "2018.04.28"]
[Round "9.2"]
[White "Harbers, Gerard"]
[Black "Krosenbrink, Marcel"]
[Result "1/2-1/2"]
[WhiteElo "1905"]
[BlackElo "1954"]
[PlyCount "138"]
[EventDate "2018.??.??"]
[SourceDate "2018.05.04"]

1. e4 d6 2. d4 Nf6 3. Nc3 Nbd7 4. Nf3 e5 5. Bc4 Be7 6. Ng5 d5 7. exd5 O-O 8.
O-O Nb6 9. Bb3 exd4 10. Qxd4 c5 11. Qd3 h6 12. Nge4 Re8 13. Nxf6+ Bxf6 14. Bf4
Bg4 15. Rfe1 Rc8 16. Bc4 Nxc4 17. Qxc4 Bf5 18. Nb5 Rxe1+ 19. Rxe1 Qa5 20. c3
Bd7 21. Nd6 b5 22. Qe4 Rf8 23. a3 Qb6 24. Bg3 a5 25. Qf3 b4 26. axb4 axb4 27.
Ne4 Bd8 28. Rd1 Ba4 29. Rc1 c4 30. h4 Bd7 31. Bd6 bxc3 32. Qxc3 Re8 33. Bc5 Qg6
34. Nd6 Re2 35. Qg3 Qxg3 36. fxg3 Rd2 37. Rxc4 Rxd5 38. b4 Bc7 39. Ne4 Be5 40.
Rc2 f5 41. Rd2 Rxd2 42. Nxd2 Bxg3 43. Nf3 Kf7 44. Kf1 Ke6 45. Ke2 Kd5 46. Bf8
Bb5+ 47. Kd2 Bf4+ 48. Ke1 g6 49. Kf2 Ke4 50. Bc5 g5 51. hxg5 hxg5 52. g3 Bc1
53. Be7 g4 54. Nh4 Be3+ 55. Kg2 Bd7 56. Ng6 Bc6 57. Nh4 Kd5 58. Kf1 Bb5+ 59.
Kg2 Bd3 60. Bf8 Kc4 61. Ng6 Be4+ 62. Kf1 Bd2 63. Kf2 Bc3 64. Ke3 Bf6 65. Be7
Bd4+ 66. Kf4 Bb6 67. Bd6 Kd3 68. Ne5+ Ke2 69. Nxg4 Bc2 1/2-1/2

[Event "Südlohner SV 2 - SF Stadtlohn 1"]
[Site "Verbandsklasse 2017/2018"]
[Date "2018.04.28"]
[Round "9.3"]
[White "Te Sligte, Bert"]
[Black "Richters, Alfred"]
[Result "1/2-1/2"]
[WhiteElo "1832"]
[BlackElo "1873"]
[PlyCount "44"]
[EventDate "2018.??.??"]
[SourceDate "2018.05.04"]

1. e4 e6 2. d4 d5 3. Nd2 Nf6 4. e5 Nfd7 5. Bd3 c5 6. c3 Nc6 7. Ngf3 Qb6 8. O-O
cxd4 9. cxd4 f6 10. exf6 Nxf6 11. Nb3 Bd6 12. Bg5 O-O 13. Rc1 Qc7 14. Bh4 h6
15. Bb1 Qf7 16. Bg3 Bxg3 17. fxg3 Qh5 18. Qc2 e5 19. dxe5 Nxe5 20. Nxe5 Qxe5
21. Rce1 Qd6 22. Nc5 b6 1/2-1/2

[Event "Südlohner SV 2 - SF Stadtlohn 1"]
[Site "Verbandsklasse 2017/2018"]
[Date "2018.04.28"]
[Round "9.4"]
[White "Albers, Thomas"]
[Black "Kloster, Daniel"]
[Result "1/2-1/2"]
[WhiteElo "1763"]
[BlackElo "1768"]
[PlyCount "61"]
[EventDate "2018.??.??"]
[SourceDate "2018.05.04"]

1. d4 e6 2. e4 d5 3. exd5 exd5 4. Nf3 Bd6 5. Bd3 Nf6 6. O-O O-O 7. Bg5 Bg4 8.
Nbd2 Nbd7 9. c3 h6 10. Bh4 c6 11. Qc2 Bxf3 12. Nxf3 Qc7 13. Rfe1 Rfe8 14. Bf5
Rxe1+ 15. Rxe1 Re8 16. Rxe8+ Nxe8 17. Qe2 Ndf6 18. Ne5 c5 19. f3 cxd4 20. cxd4
Qc1+ 21. Be1 Qf4 22. Qd3 Bxe5 23. dxe5 Qxe5 24. Bc3 Qf4 25. g3 Qd6 26. Qe3 b6
27. Be5 Qc6 28. Qf4 Qc5+ 29. Bd4 Qe7 30. Kf2 Qc7 31. Qe3 1/2-1/2

[Event "Südlohner SV 2 - SF Stadtlohn 1"]
[Site "Verbandsklasse 2017/2018"]
[Date "2018.04.28"]
[Round "9.5"]
[White "Bußwolder, Peter"]
[Black "Schuurmans, Han"]
[Result "0-1"]
[WhiteElo "1758"]
[BlackElo "1710"]
[PlyCount "38"]
[EventDate "2018.??.??"]
[SourceDate "2018.05.04"]

1. d4 e6 2. c4 f5 3. Nc3 Nf6 4. Nf3 Bb4 5. Bd2 O-O 6. e3 d6 7. Bd3 Nbd7 8. Qc2
b6 9. Nb1 Bxd2+ 10. Nbxd2 Bb7 11. O-O Qe8 12. e4 fxe4 13. Nxe4 Qh5 14. Rae1
Rae8 15. Ng3 Qh6 16. Ne4 Nh5 17. Neg5 Bxf3 18. Nxf3 Rxf3 19. gxf3 Nf4 0-1

[Event "Südlohner SV 2 - SF Stadtlohn 1"]
[Site "Verbandsklasse 2017/2018"]
[Date "2018.04.28"]
[Round "9.6"]
[White "Schmeing, Manfred"]
[Black "Wensing, Herbert"]
[Result "1/2-1/2"]
[WhiteElo "1704"]
[BlackElo "1685"]
[PlyCount "47"]
[EventDate "2018.??.??"]
[SourceDate "2018.05.04"]

1. e4 e5 2. Nf3 Nf6 3. Nc3 Bc5 4. Bc4 Nc6 5. O-O O-O 6. d3 h6 7. Be3 Bb6 8. Nd5
d6 9. h3 Na5 10. Nxb6 axb6 11. Bb3 Nxb3 12. axb3 Rxa1 13. Qxa1 Re8 14. c4 c6
15. Qa7 Nd7 16. Qa3 Nf8 17. Qb4 c5 18. Qd2 f5 19. g3 fxe4 20. dxe4 Bxh3 21.
Qd5+ Kh8 22. Ra1 Qf6 23. Nh2 Ng6 24. Qd1 1/2-1/2

[Event "Südlohner SV 2 - SF Stadtlohn 1"]
[Site "Verbandsklasse 2017/2018"]
[Date "2018.04.28"]
[Round "9.7"]
[White "Pusch, Herbert"]
[Black "Musholt, Joachim"]
[Result "1-0"]
[WhiteElo "1541"]
[BlackElo "1737"]
[PlyCount "69"]
[EventDate "2018.??.??"]
[SourceDate "2018.05.04"]

1. f4 e5 2. fxe5 d6 3. exd6 Bxd6 4. Nf3 Bg4 5. e3 Nd7 6. Be2 Bxf3 7. Bxf3 Qh4+
8. g3 Bxg3+ 9. hxg3 Qxg3+ 10. Ke2 O-O-O 11. Qg1 Qe5 12. d4 Qb5+ 13. Kf2 Ngf6
14. Nd2 Rde8 15. Qg2 c6 16. c4 Qf5 17. Qh3 Qd3 18. Be2 Qg6 19. Rg1 Ne4+ 20.
Nxe4 Qxe4 21. Qg4 Qe7 22. a3 f5 23. Qxg7 Qh4+ 24. Qg3 Qe4 25. Qf4 Qc2 26. Rg5
Re4 27. Qf3 f4 28. exf4 Rhe8 29. Re5 Nxe5 30. dxe5 Rd8 31. b3 Red4 32. Be3 Rd3
33. Qe4 Qb2 34. Rh1 R8d7 35. e6 1-0

[Event "Südlohner SV 2 - SF Stadtlohn 1"]
[Site "Verbandsklasse 2017/2018"]
[Date "2018.04.28"]
[Round "9.8"]
[White "Böcker, Manfred"]
[Black "van Harxen, Luc"]
[Result "1-0"]
[WhiteElo "1839"]
[BlackElo "1469"]
[PlyCount "115"]
[EventDate "2018.??.??"]
[SourceDate "2018.05.04"]

1. d4 d5 2. e3 Bf5 3. c4 c6 4. cxd5 cxd5 5. Nc3 e6 6. Nf3 Nd7 7. Bd2 Bb4 8. Bb5
a6 9. Bxd7+ Qxd7 10. Ne5 Qe7 11. a3 Bd6 12. Qa4+ Kd8 13. Nb5 Bxe5 14. dxe5 b6
15. Nd4 Qd7 16. Qb4 Kc7 17. Nxf5 exf5 18. Bc3 Qe6 19. Qd6+ Kb7 20. O-O-O Ne7
21. Bb4 Rhc8+ 22. Bc3 Rd8 23. Qb4 g5 24. f4 h6 25. Qb3 Rac8 26. Kb1 Nc6 27. g3
Rd7 28. Rd3 Rcd8 29. Rhd1 Ne7 30. Bd4 Rc8 31. Rc3 Rdc7 32. Rdc1 Rxc3 33. Rxc3
Rxc3 34. Bxc3 Qc6 35. Qb4 Ng6 36. Bd4 g4 37. Bc3 a5 38. Qd4 Qc4 39. Qd2 Ne7 40.
Bd4 Nc6 41. Qc2 b5 42. Qxf5 Qf1+ 43. Ka2 Nxd4 44. Qxf7+ Kc6 45. Qe8+ Kc5 46.
Qe7+ Kc6 47. Qd6+ Kb7 48. Qxd5+ Nc6 49. e6 Qc4+ 50. Qxc4 bxc4 51. b3 cxb3+ 52.
Kxb3 Kc7 53. Kc4 Kd6 54. Kb5 Ne7 55. Kxa5 Kxe6 56. e4 Nc6+ 57. Kb6 Kd7 58. Kc5
1-0

[Event "SC Klein-Berlin Rheine 2 - Indische Dam"]
[Site "Verbandsklasse 2017/2018"]
[Date "2018.04.28"]
[Round "9.1"]
[White "Knispel-Roth, Martin"]
[Black "Ratert, Matthias"]
[Result "1/2-1/2"]
[WhiteElo "1889"]
[BlackElo "1868"]
[PlyCount "80"]
[EventDate "2018.??.??"]
[SourceDate "2018.05.04"]

1. c4 g6 2. Nc3 c5 3. Nf3 Bg7 4. g3 Nc6 5. Bg2 e6 6. O-O Nge7 7. d3 O-O 8. Bd2
h6 9. Rb1 d5 10. Qc1 Kh7 11. Nd1 d4 12. a3 a5 13. Qc2 e5 14. e3 Nf5 15. b4 axb4
16. axb4 Nxb4 17. Bxb4 cxb4 18. Rxb4 Qd6 19. Rb3 Ra7 20. Re1 Bd7 21. e4 Ne7 22.
Qb1 Bc6 23. Rb6 Rfa8 24. Qb4 Qc7 25. Nb2 Nc8 26. c5 Bf8 27. Qc4 Ra1 28. Bh3
Nxb6 29. cxb6 Rxe1+ 30. Nxe1 Qe7 31. Nf3 Kg7 32. Kg2 Qc5 33. Qxc5 Bxc5 34. Nxe5
Bxb6 35. Nxc6 bxc6 36. Nc4 Bc7 37. Bd7 Ra6 38. h4 Kf6 39. f4 Ke7 40. Bc8 Ra1
1/2-1/2

[Event "SC Klein-Berlin Rheine 2 - Indische Dam"]
[Site "Verbandsklasse 2017/2018"]
[Date "2018.04.28"]
[Round "9.2"]
[White "Hauk, Viktor"]
[Black "Frie, Michael"]
[Result "1/2-1/2"]
[WhiteElo "1807"]
[BlackElo "1893"]
[PlyCount "40"]
[EventDate "2018.??.??"]
[SourceDate "2018.05.04"]

1. d4 Nf6 2. c4 c5 3. d5 b5 4. cxb5 a6 5. bxa6 Bxa6 6. Nc3 g6 7. Nf3 Bg7 8. g3
d6 9. Bg2 O-O 10. O-O Nbd7 11. Qc2 Ng4 12. Rd1 Qb6 13. Bg5 Rfe8 14. Rab1 Nge5
15. Nxe5 Nxe5 16. b3 Ra7 17. h3 Qb4 18. Bd2 Nd7 19. Na4 Qb7 20. Bc3 Nf6 1/2-1/2

[Event "SC Klein-Berlin Rheine 2 - Indische Dam"]
[Site "Verbandsklasse 2017/2018"]
[Date "2018.04.28"]
[Round "9.3"]
[White "Tenberge, Norbert"]
[Black "van Dijk, Guido"]
[Result "1/2-1/2"]
[WhiteElo "1819"]
[BlackElo "1739"]
[PlyCount "81"]
[EventDate "2018.??.??"]
[SourceDate "2018.05.04"]

1. d4 d5 2. c4 c6 3. Nf3 Nf6 4. e3 Bg4 5. cxd5 Nxd5 6. Be2 e6 7. e4 Nf6 8. Nc3
Bb4 9. Qd3 h6 10. O-O Nbd7 11. Be3 O-O 12. Rac1 Bh5 13. Nd2 Bxe2 14. Qxe2 e5
15. Qc4 Bxc3 16. bxc3 Ng4 17. Rfe1 Nb6 18. Qe2 Nxe3 19. Qxe3 Qe7 20. f4 exd4
21. cxd4 Rfe8 22. e5 f5 23. Qb3+ Kh8 24. a4 Qe6 25. Qxe6 Rxe6 26. a5 Nd5 27. g3
Rd8 28. Nc4 Ne7 29. Nd6 Rb8 30. Rb1 b5 31. Kg2 g6 32. h3 Nc8 33. Nc4 Rb7 34.
Red1 Rd7 35. Ne3 Ne7 36. Kf3 a6 37. g4 Rd8 38. Rbc1 Kg7 39. Rc5 Kf7 40. Ke2 h5
41. Kf3 1/2-1/2

[Event "SC Klein-Berlin Rheine 2 - Indische Dam"]
[Site "Verbandsklasse 2017/2018"]
[Date "2018.04.28"]
[Round "9.4"]
[White "Brinkmann, Franz-Josef"]
[Black "ter Veen, Michael"]
[Result "1/2-1/2"]
[WhiteElo "1758"]
[BlackElo "1668"]
[PlyCount "95"]
[EventDate "2018.??.??"]
[SourceDate "2018.05.04"]

1. e4 c5 2. Nf3 Nc6 3. d4 cxd4 4. Nxd4 g6 5. Be3 Bg7 6. c3 d6 7. Nd2 Nf6 8. Be2
Bd7 9. O-O Rc8 10. f4 O-O 11. f5 Ne5 12. Bg5 Qb6 13. Rb1 Bc6 14. fxg6 hxg6 15.
Be3 Qc7 16. Nxc6 Qxc6 17. Bf3 Nc4 18. e5 Nxe3 19. Bxc6 Nxd1 20. exf6 Bxf6 21.
Bxb7 Rc7 22. Ba6 Nxb2 23. Ne4 Nc4 24. Nxf6+ exf6 25. Rxf6 Nd2 26. Rb7 Rxc3 27.
Rf4 Ra3 28. Bc4 Nxc4 29. Rxc4 Rxa2 30. Rcc7 a5 31. Rd7 Rd2 32. Ra7 Rd5 33. h3
Kg7 34. Kh2 Kf6 35. g4 g5 36. Kg3 Rd3+ 37. Kg2 Ke6 38. Re7+ Kf6 39. Red7 a4 40.
Rxa4 Rc8 41. Ra2 Rcc3 42. Rf2+ Ke6 43. Rdxf7 Rg3+ 44. Kf1 Rc1+ 45. Ke2 Rc2+ 46.
Kf1 Rxf2+ 47. Rxf2 Rxh3 48. Rf5 1/2-1/2

[Event "SC Klein-Berlin Rheine 2 - Indische Dam"]
[Site "Verbandsklasse 2017/2018"]
[Date "2018.04.28"]
[Round "9.5"]
[White "Glotzbach, Thomas"]
[Black "Miethe, Christoph"]
[Result "1/2-1/2"]
[WhiteElo "1750"]
[BlackElo "1708"]
[PlyCount "88"]
[EventDate "2018.??.??"]
[SourceDate "2018.05.04"]

1. e4 e5 2. Nf3 Nf6 3. Nxe5 d6 4. Nf3 Nxe4 5. Qe2 Qe7 6. d3 Nf6 7. Bg5 Qxe2+ 8.
Bxe2 Be7 9. Nc3 h6 10. Bd2 O-O 11. h3 Bd7 12. Nd4 a6 13. f4 c5 14. Nf3 b5 15.
a3 Bc6 16. O-O-O b4 17. axb4 cxb4 18. Na2 b3 19. cxb3 Bd5 20. Nc3 Bxb3 21. Rde1
Nc6 22. g4 Rfc8 23. Kb1 Bf8 24. Bc1 d5 25. Nd2 d4 26. Nxb3 dxc3 27. bxc3 Rab8
28. Ka2 Nd5 29. Bd2 Bd6 30. f5 a5 31. Bf3 Nde7 32. Re4 Ne5 33. Be2 Nd5 34. Rc1
Nc6 35. Kb2 Rb7 36. Kc2 Ncb4+ 37. Kd1 Na2 38. Nxa5 Ndxc3+ 39. Bxc3 Nxc1 40.
Nxb7 Nxe2 41. Bxg7 Kxg7 42. Rxe2 Ba3 43. Ra2 Be7 44. Ke2 Rc1 1/2-1/2

[Event "SC Klein-Berlin Rheine 2 - Indische Dam"]
[Site "Verbandsklasse 2017/2018"]
[Date "2018.04.28"]
[Round "9.6"]
[White "Huesmann, Stephan"]
[Black "Dittberner, Markus"]
[Result "1-0"]
[WhiteElo "1706"]
[BlackElo "1638"]
[PlyCount "50"]
[EventDate "2018.??.??"]
[SourceDate "2018.05.04"]

1. e4 c5 2. Nf3 d6 3. d4 cxd4 4. Nxd4 Nf6 5. Nc3 g6 6. Bg5 Bg7 7. Qd2 O-O 8.
Bh6 Nc6 9. Bxg7 Kxg7 10. O-O-O d5 11. exd5 Nxd5 12. h4 h5 13. Qg5 e6 14. Qg3
Qb6 15. Nf5+ Kh7 16. Nd6 Nce7 17. Nce4 Kg7 18. Be2 Nf5 19. Nxf5+ exf5 20. Rxd5
fxe4 21. Bxh5 Be6 22. Rd6 Qc7 23. Qe5+ Kh6 24. Rxe6 Qxe5 25. Rxe5 gxh5 1-0

[Event "SC Klein-Berlin Rheine 2 - Indische Dam"]
[Site "Verbandsklasse 2017/2018"]
[Date "2018.04.28"]
[Round "9.7"]
[White "Overesch, Dieter"]
[Black "Pohlmeier, Ulrich"]
[Result "1-0"]
[WhiteElo "1737"]
[BlackElo "1602"]
[PlyCount "77"]
[EventDate "2018.??.??"]
[SourceDate "2018.05.04"]

1. d4 e6 2. Nf3 Nf6 3. e3 d5 4. Bd3 Bd6 5. O-O O-O 6. Nbd2 b6 7. e4 dxe4 8.
Nxe4 Bb7 9. Nxf6+ Qxf6 10. Bg5 Bxf3 11. Qd2 Bf4 12. Bxf4 c5 13. Be5 Qh4 14.
gxf3 Nc6 15. Be4 Rac8 16. Bxc6 Rxc6 17. Bg3 Qf6 18. Qf4 Qg6 19. Qe4 Qxe4 20.
fxe4 cxd4 21. Be5 Rxc2 22. Bxd4 Rc4 23. Rfd1 f6 24. f3 e5 25. Bc3 Rc7 26. Rd5
Kf7 27. Rad1 Kg6 28. Rd7 Rfc8 29. Kf2 Kh6 30. R1d6 Kh5 31. Kg3 Kg5 32. h4+ Kh5
33. Rd5 Kg6 34. f4 exf4+ 35. Kxf4 Kh6 36. Bd2 Kg6 37. h5+ Kh6 38. Kg4+ g5 39.
Bxg5+ 1-0